000 01335cam a22003254a 4500
999 _c7864
_d7864
001 12492699
003 OSt
005 20200130123108.0
008 010803s2003 nyua b 001 0 eng
010 _a 2001133061
020 _a0195114701 (alk. paper)
020 _a9780195686159
040 _aDLC
_cDLC
_dDLC
042 _apcc
050 0 0 _aHG6024.A3
_bD828 2003
082 0 0 _a332.632
_221
_bDUB/D
100 _a Dubofsky, David A
_91121
245 1 0 _aDerivatives :
_bvaluation and risk management /
_cDavid A. Dubofsky, Thomas W. Miller, Jr.
260 _aNew York :
_bOxford University Press,
_c2003.
300 _axxv, 646 p. :
_bill. ;
_c25 cm.
504 _aIncludes bibliographical references and index.
650 0 _aDerivative securities.
650 0 _aRisk management.
700 1 _aMiller, Thomas W.,
_d1955-
_91664
856 4 1 _3Table of contents only
_uhttp://www.loc.gov/catdir/enhancements/fy0611/2001133061-t.html
856 4 2 _3Publisher description
_uhttp://www.loc.gov/catdir/enhancements/fy0611/2001133061-d.html
906 _a7
_bcbc
_corignew
_d1
_eocip
_f20
_gy-gencatlg
942 _2ddc
_cBK
_h332.632
_iDUB/D
_k332.632
_mDUB/D